| 000 | 01105cam a22003377a 4500 | ||
|---|---|---|---|
| 003 | CHAP | ||
| 005 | 20220329133804.0 | ||
| 008 | 971013s r 00010 d | ||
| 010 | _a10926 | ||
| 011 | _a11898 | ||
| 035 | _a11677 | ||
| 040 | _cCHAP | ||
| 082 | 0 | 4 |
_a321.3 _bS84y |
| 100 | 0 | 0 |
_aSweezy, Paul M. _9110885 |
| 245 | 1 | 3 | _aLa transición del feudalismo al capitalismo |
| 260 |
_aMedellin : _bTHF, _c(s.a.) |
||
| 300 | _a149 p. | ||
| 590 |
_aBATCH-UPD _b10 _c20130110 _lUCH01 _h0130 |
||
| 590 |
_aBATCH-UPD _b10 _c20130110 _lUCH01 _h1826 |
||
| 590 |
_aBATCH-UPD _b10 _c20130410 _lUCH01 _h1159 |
||
| 590 |
_aBATCH-UPD _b10 _c20130914 _lUCH01 _h0843 |
||
| 590 |
_aCONVERSION _b10 _c20130109 _lUCH01 _h1307 |
||
| 650 | 1 | 4 |
_aCapitalismo. _918711 |
| 650 | 1 | 4 |
_aEconomÃa _xHistoria. _935238 |
| 650 | 1 | 4 |
_aFeudalismo. _940674 |
| 901 | _aBK | ||
| 942 | _cLIBRO | ||
| 949 |
_a321.3 S84y _bBC _cLIBRO _d33724000298402 _eLIBRO _fc.4 _h64511 _i11677 _si |
||
| 949 |
_a321.3 S84y _bBC _cLIBRO _d33724000310611 _eLIBRO _fc.2 _h47462 _i11677 _si |
||
| 949 |
_a321.3 S84y _bBC _cLIBRO _d33724000310793 _eLIBRO _fc.3 _h64278 _i11677 _si |
||
| 999 |
_c10926 _d10926 |
||